Missing Word: First Ladies Quiz Stats

 Plays Quiz Updated Mar 5, 2016

Challenge
Share
Tweet
Embed
Score 0/20 Timer 03:00
0 Plays Today
First Lady Missing Word % Correct
_____ BushBarbara/Laura
89.7%
Hillary _____ ClintonRodham
85.6%
Jacqueline Lee _____Kennedy
81.6%
Abigail _____Adams/Fillmore
75.5%
Mary _____ LincolnTodd
73%
Rosalynn _____Carter
72.8%
_____ EisenhowerMamie
67.1%
_____ MadisonDolley
66.6%
Michelle LaVaughn Robinson _____Obama
61%
_____ Ann Warren FordElizabeth ('Betty')
55.9%
First Lady Missing Word % Correct
Bess _____Truman
55.6%
_____ NixonThelma ('Pat')
53.7%
Edith _____Wilson/Roosevelt
34.7%
_____ Alta JohnsonClaudia ('Lady Bird')
34%
Anna _____ RooseveltEleanor
23.9%
Rachel _____Jackson
22.3%
Nancy _____ ReaganDavis
19.1%
Martha _____ WashingtonCustis
15.9%
_____ Webb HayesLucy
15.4%
_____ Catherine AdamsLouisa
6.7%

Today's Daily Dose

You're not logged in!

Compare scores with friends on all Sporcle quizzes.
Join for Free
OR
Log In

You Might Also Like...

Show Comments

Extras

Top Quizzes Today


Score Distribution

Your Account Isn't Verified!

In order to create a playlist on Sporcle, you need to verify the email address you used during registration. Go to your Sporcle Settings to finish the process.

Report this User

Report this user for behavior that violates our Community Guidelines.

Details: